000 01163nam a22003497a 4500
001 0004378
003 KOHA_MİRAKIL
005 20260207001410.0
007 ta
008 090507b1992 tu a|||gr||||#0|||0|tur |
020 _a9754510830
040 _aTR-BiSEU
_btur
_cTR-BiSEU
_erda
041 0 _atur
044 _ctu
050 _aDR435
_b.K35 1992
100 1 _aKalafat, Yaşar.
245 1 _aŞark meselesi ışığında Şeyh Sait olayı, karakteri, dönemindeki iç ve dış olaylar/
_cYaşar Kalafat ; Yaşar Kalafat.
264 1 _aAnkara :
_bBoğaziçi Yayınları
_c1992
300 _aVII, 407 sayfa :
_bresimli ;
_c16 cm
336 _ametin
_btxt
_2rdacontent
337 _aaracısız
_bn
_2rdamedia
338 _acilt
_bnc
_2rdacarrier
490 1 _aBoğaziçi İlmî Araştırmalar serisi ;
_v11
500 _aKaynakça ve dizin var.
650 0 _aKurtuluş Savaşı, 1918-1923.
_94932
650 0 _aKurds--Turkey Eastern.
_910761
650 0 _aConspiracies--Turkey Eastern.
_910762
650 0 _aTürk İnkılap Tarihi.
_910763
830 1 _aBoğaziçi İlmî Araştırmalar serisi ;
_v11
_910764
907 _aTarih
942 _2lcc
_cBK
999 _c4360
_d4360